000 01200nam a2200253 a 4500
001 74266
003 BD-RjUL
005 20211209082528.0
008 180426s2014 bg ||||| b||| 00| 0 ben d
020 _a9879849103707
_cTk.500.00
035 _a(BD-RjUL)74484
040 _aBD-RjUL
_beng
_cBD-RjUL
041 _aben
082 _223
_a388.95492
_b PAA 2014
100 1 _aপেইজ, গ্লেন. ডি.
_9221248
245 1 0 _aঅহিংস বিশ্ব রাজনীতি বিজ্ঞান = ননকিলিং গ্লোবাল পলিটিক্যাল সায়েন্স /
_cগ্লেন. ডি. পেইজ, ; অনুবাদ রাশিদা খানম
260 _aঢাকা :
_bএ এইচ ডেভেলপমেন্ট পাব .
_c২০১৪
300 _a১৭৬ পৃ. ;
_c২২ সেমি.
504 _aগ্রন্থপঞ্জি সংযোজিত
650 _aবিশ্ব রাজনীতি
_vশান্তিচ্যুতি
_9221249
650 _aInternational politices
_vpeacebuilding
_9221250
700 _a অনুবাদ ; রাশিদা খানম
_9221251
942 _2ddc
_cBK
999 _c74266
_d74266